000 00589nam a2200193Ia 4500
005 20250508163250.0
008 008 250505s9999 xx 000 0 eng d
037 _aDissertations
040 _aFEDL
_beng
_cFEDL
041 _aeng
_2eng
084 _a371.97, JOS/DI
_qFEDL
100 _aJoshi Vandana
245 0 _aInvestigation into some school factors associated with backwardness in primary schools of Delhi
260 _c1986
300 _a49p.
546 _aM. Ed. Dissertation (Delhi University)
942 _cDIS
_h371.97, JOS/DI
999 _c1381897
_d1381897